Adobe After Effects. Conviértase en un experto en composición y creación de efectos cinematográficos.

Đã lưu trong:
Chi tiết về thư mục
Tác giả chính: Benchimol, Daniel (coordinación)
Định dạng: Sách
Ngôn ngữ:Tiếng Tây Ban Nha
Được phát hành: Buenos Aires, Argentina: Fox Andina; Dalaga, 2012.
Loạt:Desde Cero.
Những chủ đề:
Các nhãn: Thêm thẻ
Không có thẻ, Là người đầu tiên thẻ bản ghi này!

MARC

LEADER 00000nam a22000007a 4500
003 CL-VaPUC
005 20250407202443.0
008 250312t2012 ||||| |||| 00| 0 spa d
999 |c 447265  |d 447263 
020 |a 978-987-1857-33-3 
040 |c Pontificia Universidad Católica de Valparaíso 
082 |2 22  |a 741.580285 BEN 2012 
100 |9 896664  |a Benchimol, Daniel  |e coordinación 
245 |a Adobe After Effects.  |b Conviértase en un experto en composición y creación de efectos cinematográficos. 
260 |a Buenos Aires, Argentina:  |b Fox Andina;  |b Dalaga,  |c 2012. 
300 |a 188 páginas:  |b ilustraciones. 
490 |a Desde Cero. 
500 |a c.1-2: Instituto Arcos. 08-01-2025 
583 |c 20250312  |k Yessy Sthefany Diaz Vidal 
650 0 |9 265198  |a Cinematografía  |x Efectos especiales  |v Softwares 
650 0 |9 895849  |a Animación digital  |x Edición audiovisual  |v Técnicas computacionales 
942 |2 ddc  |c BK  |n 0 
952 |0 0  |1 0  |2 ddc  |4 0  |6 741_580285000000000_BEN_2012  |7 0  |8 A  |9 601029  |a BIBINC  |b BIBINC  |d 2025-03-12  |e Instituto Arcos  |i 5665770  |o 741.580285 BEN 2012  |p 5665770  |r 2025-03-12  |t 1  |w 2025-03-12  |y BK  |k IFP 
952 |0 0  |1 0  |2 ddc  |4 0  |6 741_580285000000000_BEN_2012  |7 0  |8 A  |9 601031  |a BIBINC  |b BIBINC  |d 2025-03-12  |e Instituto Arcos  |i 5665771  |o 741.580285 BEN 2012  |p 5665771  |r 2025-03-12  |t 2  |w 2025-03-12  |y BK  |k IFP